000 00534nam a22002057a 4500
003 LK-CoDNM
005 20241121121503.0
008 241119b |||||||| |||| 00| 0 eng d
040 _aLK-CoDNM
_dLK-CoDNM
_eLK-CoDNM
041 _aeng
_hSinhala
080 _aPB
_bE4.7
245 _aThe Buddhist 1967 Jan-Feb
_bNo:8 & 9
250 _aSila Pannanato Jayam
260 _c1967
_aColombo
_bY.M.B.A
300 _a16p. : ill , 27 cm
490 _vVol xxxii
650 _aPBE4.7
650 _aThe Buddhist 1967 Jan-Feb
942 _cBK
999 _c231726
_d231726